000 00507 a2200181 4500
003 OSt
005 20240201152039.0
008 240201b |||||||| |||| 00| 0 eng d
020 _a9789391899769
040 _coclc
082 _a297.2
_bSUL/A
100 _aSulaiman,Umer
_910352
245 _aALLAHU SNEHIKKUNNU /
_cUmer Sulaiman
250 _a1st ed.
260 _aKozhikode:
_bIslamic Publishing House,
_c2023.
300 _a80p.
942 _2ddc
_cBK
_h297.2
_iSUL/A
_k297.2
_mSUL/A
999 _c43403
_d43403